Ekonomické zhodnotenie zásad experimentu v činnosti Okresného podniku komunálnych služieb vo Vranove nad Topľou záverečná práca postgraduálneho štúdia

Uložené v:
Podrobná bibliografia
Hlavný autor: Vaňo, Pavol
Korporativný autor: Vysoká škola ekonomická v Bratislave
Ďalší autori: Pancák, Michal
Médium: Kniha
Jazyk:Slovak
Vydavateľské údaje: Bratislava 1989
Tagy: Pridať tag
Žiadne tagy, Buďte prvý, kto otaguje tento záznam!

MARC

LEADER 00000nam a2200000 4500
001 c026656
005 20221215070454.9
041 0 |a slo 
044 |a SK 
245 1 0 |a Ekonomické zhodnotenie zásad experimentu v činnosti Okresného podniku komunálnych služieb vo Vranove nad Topľou  |b záverečná práca postgraduálneho štúdia  |c Pavol Vaňo ; ved. práce Michal Pancák 
264 1 |a Bratislava  |c 1989 
300 |a 55 s. 
100 1 |a Vaňo, Pavol 
700 1 |a Pancák, Michal 
710 2 |a Vysoká škola ekonomická v Bratislave